| 000 | 00680nam a22002297a 4500 | ||
|---|---|---|---|
| 005 | 20170124110205.0 | ||
| 010 | _aB-059041 | ||
| 020 |
_c00.00 _a817880121 |
||
| 035 | _aB-059041 | ||
| 037 | _bCen Lib/Ret | ||
| 040 |
_aDPL _bEN |
||
| 082 |
_a005 _bSHR |
||
| 100 |
_aShrivastava, Raj Kumar _937154 |
||
| 245 |
_aA text book of information technology / _cby Raj Kumar Shrivastava |
||
| 246 | _b | ||
| 260 |
_bDominant publishers _c2001 _aNew Delhi |
||
| 270 |
_a116 A, South anarkali _bNew Delhi _e110051 |
||
| 300 |
_a637p. _c20cm(Hb) |
||
| 650 |
_aInformation technology _937453 |
||
| 650 |
_aOperating system _937156 |
||
| 942 |
_2ddc _cEN _h005 _mSHR |
||
| 999 |
_c133202 _d133202 |
||